000 00502nam a2200193Ia 4500
003 OSt
005 20240214114639.0
008 210210b1961 xxu||||| |||| 00| 0 eng d
040 _cal
041 _aKannada
082 _a852/200
100 _aGANDHIJI ಗಾಂಧೀಜಿ
_9151154
245 _aRajaniti 14
_bರಾಜನೀತಿ ೧೪
260 _aMaisuru
_bGandhi Smarak Nidhi
_c1961
440 _a14
_9151155
690 _aKannada Prose
_9151156
906 _a018768
942 _2ddc
_cBK
999 _c142322
_d142322